zpět

Detail výsledku týmu

The Pub Praha 2 ST, Praha

Datum a čas kvízu

36.5 Celkem bodů Celkový počet nahraných bodů na tomto kvízu bez doplňovacích otázek.
4. Pořadí na kvízu Konečné umístění týmu na tomto kvízu.

Zaznamenané odpovědi

# Otázka Odpověď Body Výsledky
1. Ve středu vybírala Sněmovna v... Stanislav Křeček 1
2. Situaci kolem pandemie novým t... Covid-19 1
3. V neděli 9. února se konal v... Renée Zelweggerová, Joaquin Phoenix 1
4. Ocenění Zlatá pecka pro nejlep... Josef Polášek 1
5. Jak se jmenuje jeden z nejboha... Manchester City 1
6. Šachy jsou vskutku velmi staro... šáh 1
7. Která situace v šachu se označ... ohrožení dámy 1
8. Jak se nazývá typ šachové hry,... bleskový šach (také bleskovka čili blicka) 0
9. Jak se jmenuje matematický pro... jezdcova procházka 0
10. Jak se jmenuje tento současný... David Navara 1